Catálogo de los manuscritos jurídicos medievales de la Catedral de Toledo / (Record no. 69689)

MARC details
000 -LEADER
campo de control de longitud fija 01310nam a2200253 i 4500
001 - NÚMERO DE CONTROL
campo de control 69689
003 - IDENTIFICADOR DE NÚMERO DE CONTROL
campo de control ES-MaACL
005 - FECHA Y HORA DE LA ÚLTIMA TRANSACCIÓN
campo de control 20251011063114.0
007 - CAMPO FIJO DE DESCRIPCIÓN FÍSICA--INFORMACIÓN GENERAL
campo de control de longitud fija t|
008 - DATOS DE LONGITUD FIJA--INFORMACIÓN GENERAL
campo de control de longitud fija 040709s1970 it b |||| | spa d
080 ## - NÚMERO DE LA CLASIFICACIÓN DECIMAL UNIVERSAL
Número de la Clasificación Decimal Universal 017(464.2)Catedral:091:34"04/14"
100 1# - ENTRADA PRINCIPAL--NOMBRE DE PERSONA
Nombre de persona García y García, Antonio,
Fechas asociadas al nombre 1928-
9 (RLIN) 151099
245 10 - MENCIÓN DEL TÍTULO
Título Catálogo de los manuscritos jurídicos medievales de la Catedral de Toledo /
Mención de responsabilidad, etc. Antonio García y García, Ramón Gonzálvez.
260 ## - PUBLICACIÓN, DISTRIBUCIÓN, ETC.
Lugar de publicación, distribución, etc. Roma :
Nombre del editor, distribuidor, etc. [Consejo Superior de Investigaciones Científicas. Delegación de Roma],
Fecha de publicación, distribución, etc. 1970.
300 ## - DESCRIPCIÓN FÍSICA
Extensión XXV, 229 p. ;
Dimensiones 25 cm.
490 1# - MENCIÓN DE SERIE
Mención de serie Cuadernos del Instituto Jurídico Español ;
Designación de volumen o secuencia 21.
Mención de serie Serie de "Estudios" en colaboración con el Instituto de Historia de Teología de la Universidad Pontificia de Salamanca ;
Designación de volumen o secuencia 3
650 #4 - PUNTO DE ACCESO ADICIONAL DE MATERIA--TÉRMINO DE MATERIA
Término de materia o nombre geográfico como elemento de entrada Manuscritos-
Subdivisión geográfica Catedral Primada de Toledo. Biblioteca Capitular-
Subdivisión de forma Catálogos.
9 (RLIN) 151097
650 #4 - PUNTO DE ACCESO ADICIONAL DE MATERIA--TÉRMINO DE MATERIA
Término de materia o nombre geográfico como elemento de entrada Derecho-
Subdivisión de forma Manuscritos-
-- Bibliografías.
9 (RLIN) 151100
700 1# - ENTRADA AGREGADA--NOMBRE PERSONAL
Nombre de persona Gonzálvez, Ramón.
9 (RLIN) 59067
710 2# - ENTRADA AGREGADA--NOMBRE DE ENTIDAD CORPORATIVA
Nombre de entidad corporativa o nombre de jurisdicción como elemento de entrada Instituto Jurídico Español.
9 (RLIN) 183273
830 00 - PUNTO DE ACCESO ADICIONAL DE SERIE-TÍTULO UNIFORME
Título uniforme Cuadernos del Instituto Jurídico Español.
Nombre de parte o sección de la obra Estudios en colaboración con el Instituto de Historia de Teología de la Universidad Pontificia de Salamanca
Designación de volumen o secuencia 21.
-- 3
9 (RLIN) 231006
852 ## - LOCALIZACIÓN
Ubicación ES-MaACL
Número de control de estantería C-37588
Holdings
Estatus retirado Estado de pérdida Fuente del sistema de clasificación o colocación Estado de daño No para préstamo Colección Biblioteca de origen Biblioteca actual Ubicación en estantería Fecha de adquisición Total de préstamos Signatura topográfica completa Código de barras Visto por última vez Precio de reemplazo Tipo de ítem Koha
    Clasificación decimal universal     Biblioteca profesional Biblioteca del Ateneo de Madrid Biblioteca del Ateneo de Madrid Depósito 2 17/01/2008   C-37588 1072973 23/02/2023 23/02/2023 Libro impreso